<?xml version="1.0" encoding="UTF-8"?><?xml-stylesheet type="text/xsl" href="static/style.xsl"?><OAI-PMH xmlns="http://www.openarchives.org/OAI/2.0/" xmlns:xsi="http://www.w3.org/2001/XMLSchema-instance" xsi:schemaLocation="http://www.openarchives.org/OAI/2.0/ http://www.openarchives.org/OAI/2.0/OAI-PMH.xsd"><responseDate>2026-04-17T15:26:27Z</responseDate><request verb="GetRecord" identifier="oai:www.recercat.cat:10459.1/464139" metadataPrefix="marc">https://recercat.cat/oai/request</request><GetRecord><record><header><identifier>oai:recercat.cat:10459.1/464139</identifier><datestamp>2025-09-16T05:07:20Z</datestamp><setSpec>com_2072_3622</setSpec><setSpec>col_2072_478537</setSpec></header><metadata><record xmlns="http://www.loc.gov/MARC21/slim" xmlns:dcterms="http://purl.org/dc/terms/" xmlns:xsi="http://www.w3.org/2001/XMLSchema-instance" xmlns:doc="http://www.lyncode.com/xoai" xsi:schemaLocation="http://www.loc.gov/MARC21/slim http://www.loc.gov/standards/marcxml/schema/MARC21slim.xsd">
   <leader>00925njm 22002777a 4500</leader>
   <datafield ind2=" " ind1=" " tag="042">
      <subfield code="a">dc</subfield>
   </datafield>
   <datafield ind2=" " ind1=" " tag="720">
      <subfield code="a">Valentines Cuadrat, Joana</subfield>
      <subfield code="e">author</subfield>
   </datafield>
   <datafield ind2=" " ind1=" " tag="260">
      <subfield code="c">2023-06</subfield>
   </datafield>
   <datafield ind2=" " ind1=" " tag="520">
      <subfield code="a">Durant l’època de postguerra, la censura fou un gran entrebanc pels escriptors catalans. L’autor català que patí més les repressions provocades per aquesta fou Manuel de Pedrolo. El treball que prossegueix mira de fer una anàlisi de les conseqüències de la censura en l’obra de Pedrolo per tal de concloure fins a quin punt i de quina manera les perjudicà, la reacció de l’autor (supressions, esmenes…), i en quins àmbits es focalitzava més la censura.</subfield>
   </datafield>
   <datafield ind2=" " ind1=" " tag="520">
      <subfield code="a">Durante la época de posguerra, la censura fue un gran obstáculo para los escritores catalanes. El autor catalán que sufrió más las represiones provocadas por ésta fue Manuel de Pedrolo. El trabajo que prosigue trata de hacer un análisis de las consecuencias de la censura en la obra de Pedrolo para concluir hasta qué punto y cómo las perjudicó, la reacción del autor (supresiones, enmiendas…), y en qué ámbitos se centraba más la censura.</subfield>
   </datafield>
   <datafield ind2=" " ind1=" " tag="520">
      <subfield code="a">During the postwar period, censorship was a great obstacle for Catalan writers. The Catalan author who suffered the most from the repressions caused by it was Manuel de Pedrolo. The work that follows tries to make an analysis of the consequences of censorship in Pedrolo's work to conclude to what extent and how it harmed them, the author's reaction (deletions, amendments...), and in which areas censorship was more focused.</subfield>
   </datafield>
   <datafield tag="653" ind2=" " ind1=" ">
      <subfield code="a">Literatura catalana</subfield>
   </datafield>
   <datafield tag="653" ind2=" " ind1=" ">
      <subfield code="a">Pedrolo, Manuel de, 1918-1990</subfield>
   </datafield>
   <datafield tag="653" ind2=" " ind1=" ">
      <subfield code="a">Postguerra</subfield>
   </datafield>
   <datafield tag="653" ind2=" " ind1=" ">
      <subfield code="a">Censura</subfield>
   </datafield>
   <datafield tag="653" ind2=" " ind1=" ">
      <subfield code="a">Literatura catalana</subfield>
   </datafield>
   <datafield tag="653" ind2=" " ind1=" ">
      <subfield code="a">Pedrolo, Manuel de, 1918-1990</subfield>
   </datafield>
   <datafield tag="653" ind2=" " ind1=" ">
      <subfield code="a">Censura</subfield>
   </datafield>
   <datafield tag="653" ind2=" " ind1=" ">
      <subfield code="a">Franquisme</subfield>
   </datafield>
   <datafield ind2="0" ind1="0" tag="245">
      <subfield code="a">Manuel de Pedrolo i la censura: Anàlisi de les conseqüències de la censura en la seva obra</subfield>
   </datafield>
</record></metadata></record></GetRecord></OAI-PMH>